Salud y paz hacia el desarrollo y la democracia. La iniciativa de salud centroamericana PPSCAP 1991-1995 /

Bewaard in:
Bibliografische gegevens
Coauteurs: OPS, OMS
Formaat: Texto
Gepubliceerd in: Madrid: OPS. OMS
Tags: Voeg label toe
Geen labels, Wees de eerste die dit record labelt!

MARC

LEADER 00000 a a2200000 04500
001 22827
003
040
090 |a 157200  
110 |a OPS  
245 |a Salud y paz hacia el desarrollo y la democracia. La iniciativa de salud centroamericana PPSCAP 1991-1995 /  |c OPS  
260 |a Madrid:   |b OPS. OMS  
300 |a 26 p   |b il.   |b fonodiscos  
710 |a OMS  
999 |c 13504  |d 13504